| 000 | 00701nam a2200205 i 4500 | ||
|---|---|---|---|
| 001 | 72321 | ||
| 003 | ES-MaACL | ||
| 005 | 20250804011340.0 | ||
| 007 | t| | ||
| 008 | 040830s1969 sp |||| | spa d | ||
| 100 | 1 |
_aGiner de los Ríos, Francisco, _d1839-1915 _957122 |
|
| 245 | 1 | 0 |
_aEnsayos / _cFrancisco Giner de los Ríos ; selección, edición y prólogo de Juan López-Morillas. |
| 260 |
_aMadrid : _bAlianza Editorial, _c[1969] |
||
| 300 |
_a236 p. ; _c18 cm. |
||
| 490 | 1 |
_aEl libro de bolsillo. Clásicos ; _v187 |
|
| 700 | 1 |
_aLópez-Morillas, Juan. _973806 |
|
| 830 | 1 | 3 |
_aEl libro de bolsillo. _pClásicos _v187 _9179723 |
| 852 |
_aES-MaACL _jC-37053 |
||
| 999 |
_c72321 _d72321 |
||